000
00346nam a2200133Ia 4500
008
100328s9999 xx 000 0 und d
082
_b
23443
100
_a
Forsyth Frederick
245
_a
The Devil's Alternative
260
_b
Corqi Books puplishers
630
_a
The Devil's Alternative
730
_a
The Devil's Alternative
942
_c
BOOK
999
_c
517141
_d
517138